| 000 | 00982cam a2200301 a 4500 | ||
|---|---|---|---|
| 001 | 14626858 | ||
| 003 | OSt | ||
| 005 | 20151014083504.0 | ||
| 008 | 061107s2008 njua b 001 0 eng | ||
| 010 | _a 2006052795 | ||
| 020 | _a0132368544 | ||
| 020 | _a0132250675 | ||
| 020 | _a9780132250672 | ||
| 040 |
_aDLC _cDLC _dDLC |
||
| 050 | 0 | 0 |
_aN5300 _b.S923 2008 |
| 082 | 0 | 0 |
_a709 _222 |
| 100 | 1 |
_aStokstad, Marilyn, _d1929- |
|
| 245 | 1 | 0 |
_aArt history / _cMarilyn Stokstad. |
| 250 | _a3rd ed. | ||
| 260 |
_aUpper Saddle River, N.J. : _bPearson Education, _c2008. |
||
| 300 |
_axli, 982 p. : _bill. (some col.) ; _c30 cm. |
||
| 504 | _aIncludes bibliographical references and index. | ||
| 650 | 0 |
_aArt _xHistory. |
|
| 906 |
_a7 _bcbc _corignew _d1 _eocip _f20 _gy-gencatlg |
||
| 942 |
_2lcc _cBK |
||
| 999 |
_c250545 _d250545 |
||